Espectáculo Bugs Bunny 2 (Record no. 44856)
[ view plain ]
| 000 -Etiqueta do registo | |
|---|---|
| Valores | 00451nam a2200181 4500 |
| 100 ## - Dados gerais de processamento | |
| Dados gerais | 20250926 pory50 |
| 101 ## - Língua de publicação | |
| Língua | por |
| 102 ## - País de publicação | |
| País | PT |
| 200 ## - Titulo e menção de responsabilidade | |
| Título próprio | Espectáculo Bugs Bunny 2 |
| Primeira menção de responsabilidade | Warner Bros Entertainment |
| 210 ## - Publicação | |
| Local de publicação | [S.l.] |
| Nome do editor | Warner Bros Entertainment |
| Data de publicação | 2006 |
| 215 ## - Descrição física | |
| Paginação / Volumes | 1 DVD |
| 225 ## - Colecção | |
| Título próprio da colecção | Espectáculo Bugs Bunny 2 |
| Indicação de volume | 3 |
| 300 ## - Notas gerais | |
| Texto da nota | M/4<br/>66 m. |
| 675 ## - CDU | |
| Notação | 087.5 |
| 801 ## - Fonte de origem | |
| País | PT |
| Regras de catalogação | RPC |
| 990 ## - Elementos KOHA | |
| Tipo de documento | Filme DVD |
| Aquisição | Empréstimo | Código de barras | Cota | Permissão de empréstimo | Tipo de documento | Nota relativa ao exemplar |
|---|---|---|---|---|---|---|
| Biblioteca Escolar Doutor Hernâni Cidade | Biblioteca Escolar Doutor Hernâni Cidade | 80967 | ANIM WAR | Filme DVD | 504 Filme de Animação para crianças |